| 000 | 00866cam a2200217 4500 | ||
|---|---|---|---|
| 001 | WB3613-28 | ||
| 008 | 000000n2000 000 0 eng u | ||
| 035 | _a(Sirsi) u105049 | ||
| 245 | _aLet the seller prepare | ||
| 260 | _c2000 | ||
| 490 |
_aIndependent _v25 March 2000, 2.15(2) |
||
| 520 | _aThe sellers pack pilot scheme in Bristol has been running for three months and those participating are confident that the scheme is beneficial to both vendors and buyers. Solicitors working on the scheme are also keen to see it introduced throughout the country. | ||
| 590 | _aWB | ||
| 650 | _aVENDORS SURVEYS | ||
| 650 | _aSELLERS PACKS | ||
| 650 | _aPROPERTY TRANSACTIONS | ||
| 650 | _aPROPERTY-RESIDENTIAL PROPERTY-ACQUISITION AND DISPOSAL OF RESIDENTIAL PROPERTY | ||
| 650 | _aBRISTOL | ||
| 690 | _aPROPERTY AND LAND LAW-AGENCY-RESIDENTIAL | ||
| 942 | _n0 | ||
| 999 |
_c62997 _d62997 |
||